| 000 | 00681nam a2200253 a 4500 | ||
|---|---|---|---|
| 001 | 14254 | ||
| 003 | BD-JhCC | ||
| 005 | 20250225111051.0 | ||
| 008 | 250225b2011 us a|||| ||a| 000 0 eng d | ||
| 020 | _a9781439851265 | ||
| 035 | _a(BD-JhCC)14254 | ||
| 040 |
_aBD-JhCC _dBD-JhCC |
||
| 041 | _aeng | ||
| 082 | _b 005.8 CYB 2011 | ||
| 245 |
_aCyber Security Essentials / _cEdited: James Graham, Richard Howard, Ryan Olson |
||
| 260 |
_aNew york: _bAuerbach Publications; _c2011. |
||
| 300 |
_a313 p. : _bill _c26 cm. |
||
| 650 | _aCyber Security | ||
| 700 | _aJames Graham, | ||
| 700 | _a Howard, Richard | ||
| 700 | _a Olson,Ryan | ||
| 942 |
_2ddc _cBK |
||
| 999 |
_c14254 _d14254 |
||